Представление документа в формате MARC21

ПолеНазваниеЗначение
  Тип записи a
  Библиографический уровень m
001 Контрольный номер BIBLIOCLUB\0000720056
005 Дата корректировки 20260430151609.0
006 m o d
007 Элементы данных для физической характеристики c|||||||||||||
008 Кодируемые данные s2024 rus o rus d
020 Индекс ISBN __
a ISBN 978-5-7972-3290-2
041 Код языка издания 0_
a Код языка текста rus
084 Индекс другой классификации/Индекс ББК __
a Индекс другой классификации/Индекс ББК 16я73
b Номер единицы LBC/PL
2 Источник индекса rubbk
084 Индекс другой классификации/Индекс ББК __
a Индекс другой классификации/Индекс ББК 81.432.1я73
b Номер единицы LBC/PL
2 Источник индекса rubbk
100 Автор 1_
a Автор Декамили Ю. Г.
245 Заглавие 10
a Заглавие Цифровые технологии
d Digital Technologies
b Продолж. заглавия учебное пособие
c Ответственность Ю. Г. Декамили, Я. Г. Насилевич
c Ответственность Ростовский государственный экономический университет (РИНХ)
c Ответственность Факультет лингвистики и журналистики
260 Выходные данные __
a Место издания Ростов-на-Дону
b Издательство Издательско-полиграфический комплекс РГЭУ (РИНХ)
c Дата издания 2024
300 Физическое описание __
a Объем 83 с.
b Иллюстрации/ тип воспроизводства ил., табл.
504 Библиография __
a Библиография Библиогр. в кн
653 Ключевые слова 1_
a Ключевые слова Учебник для высшей школы
700 Другие авторы _1
a Другие авторы Насилевич Я. Г.
856 Электронный адрес документа 40
3 Область применения данных поля Университетская библиотека ONLINE
u URL https://biblioclub.ru/index.php?page=book&id=720056
900 Электронные ресурсы __
a Имя электронного ресурса https://img.biblioclub.ru/sm_cover/36dbada2cf2fecd40a2b06df060700d5z2a92mzpkd/cover.jpg